CorelDRAW! 3.0

Saved in:
Bibliographic Details
Main Author: Štefl, Jaroslav (Author)
Format: Book
Language:Czech
Published: Praha : Grada, 1993
Series:"Nestůjte za dveřmi
Tags: Add Tag
No Tags, Be the first to tag this record!

MARC

LEADER 00000nam a22000003a 4500
001 stu27226
005 20150617225739.4
008 931216s1993----cs------------------cze-d
020 |a 80-85623-48-X 
040 |a STU  |b slo 
041 0 |a cze 
044 |a cs 
080 |a 519.687 
100 1 |a Štefl, Jaroslav  |4 aut 
245 1 |a CorelDRAW! 3.0 
260 |a Praha :  |b Grada,  |c 1993 
300 |a 492 s 
830 0 |a "Nestůjte za dveřmi 
996 |b 284V028194  |c V*42108/O-17974  |l VVT  |s A  |a 24  |w stu27226_0001